00266nam a2200109Ia 4500008004100000020001500041050001500056245002200071260003800093260000900131300001600140160319s9999 xx 000 0 und d a9719285516 bR627n 2005 aNoli Me Tangere / bAlberto Enrico Educational Center c2005 a539 pages :